|
|
|
|
| LEADER |
00000nam a22000007a 4500 |
| 005 |
20180409014759.0 |
| 007 |
cr|||| |||| |
| 008 |
180409s2017 br |||||s|||| 00||0 por d |
| 020 |
|
|
|a 978-85-361-9441-7
|
| 035 |
|
|
|a 21359
|
| 040 |
|
|
|a vLex
|
| 090 |
|
|
|c 7696
|d 7696
|
| 100 |
1 |
|
|a Mx̀imo Teodoro, Maria Cecl̕ia
|
| 245 |
1 |
0 |
|a Direito material e processual do trabalho 2017
|h [Recurso electrn̤ico] /
|c Maria Cecl̕ia Mx̀imo Teodoro, Mr̀cio Tl︢io Viana
|
| 256 |
|
|
|a Servicio en ln̕ea
|
| 260 |
|
|
|a San Pablo:
|b LTR,
|c 2017
|
| 300 |
|
|
|a 1 recurso electrn̤ico
|
| 500 |
|
|
|a Este livro contempla os frutos das proveitosas e profundas discusse̳s realizadas nas oficinas de artigos do V Congresso Latino-americano de Direito Material e Processual do Trabalho, ocorrido na PUC Minas, em 2016. J ̀tendo se tornado evento tradicional e esperado na seara trabalhista, o V Congresso reforȧ o compromisso do Programa de Ps̤-Graduaȯ̂ da PUC Minas com a sua internacionalizaȯ̂ e com pesquisa de alta qualidade dentro da linha de pesquisa “Relaė̳s de Trabalho, Modernidade e Democracia”. Mais uma vez, reuniu professores de conceituadas Universidades da Amřica Latina e dos melhores Programas de Ps̤-Graduaȯ̂ do Brasil e teve o apoio da CAPES e da FAPEMIG. Os artigos selecionados representam, assim, os resultados de uma construȯ̂ dialogada e crt̕ica acerca de problemas e temas relevantes do Direito do Trabalho e do Processo do Trabalho Latino-americano, com a participaȯ̂ de acadm̊icos da graduaȯ̂, do mestrado, do doutorado e de profissionais do Direito e de r̀eas afins.
|
| 506 |
1 |
|
|a Disponible solo en los productos indicados
|d vLex Global
|d vLex Global (Academic Edition, excluding Law Schools)
|d vLex Global (U.S. Academic Edition, Law Schools)
|d vLex Global (U.S. Academic Edition, excluding Law Schools)
|d vLex Global (Academic Edition, Law Schools)
|
| 650 |
0 |
4 |
|a Derecho Laboral y Seguridad Social
|z Brasil
|
| 650 |
0 |
4 |
|a Derecho Procesal
|z Brasil
|
| 650 |
0 |
4 |
|a Procedimiento Laboral
|z Brasil
|
| 700 |
1 |
|
|a Tl︢io Viana, Mr̀cio
|
| 740 |
0 |
|
|a vLex Libros (Servicio en ln̕ea)
|
| 856 |
4 |
0 |
|u http://vlex.com/source/direito-material-e-processual-do-trabalho-21359
|z Acceso restringido
|
| 942 |
|
|
|c BOOK
|
| 999 |
0 |
|
|a Labor Law and Social Security
|
| 999 |
0 |
|
|a Procedural Law
|
| 999 |
0 |
|
|a Labor Procedure
|